Logo BPK

Biblioteka

Politechniki Koszalińskiej

Słownik współczesnego języka polskiego. (Rekord nr 38291)

Szczegóły MARC
000 -ETYKIETA REKORDU
podpole kontrolne o stałej długości 00785nam a2200241 i 4500
001 - NUMER KONTROLNY REKORDU
pole kontrolne bg
020 ## - MIĘDZYNARODOWY ZNORMALIZOWANY NUMER KSIĄŻKI - ISBN
ISBN 8371566077 (t. 1)
020 ## - MIĘDZYNARODOWY ZNORMALIZOWANY NUMER KSIĄŻKI - ISBN
ISBN 8371566069 (całość)
040 ## - ŹRÓDŁO KATALOGOWANIA
Instytucja, która utworzyła rekord BPK
041 0# - KOD JĘZYKA
Kod języka tekstu pl
080 ## - UNIWERSALNA KLASYFIKACJA DZIESIĘTNA - UKD
UKD 811.162.1'374
920 ## - Międzynarodowy znormalizowany numer książki – ISBN
ISBN 83-7156-607-7 (t. 1)
920 ## - Międzynarodowy znormalizowany numer książki – ISBN
ISBN 83-7156-606-9 (całość)
008 - POLE O STAŁEJ DŁUGOŚCI - DANE KONTROLNE
podpole kontrolne o stałej długości s pl f |000 0 pol
245 00 - TYTUŁ/ODPOWIEDZIALNOŚĆ
Tytuł Słownik współczesnego języka polskiego.
Oznaczenie części/sekcji dzieła T. 1,
Tytuł części/sekcji dzieła a - ówdzie /
Pozostałe elementy strefy tytułu i oznaczenia odpowiedzialności red. nauk. Bogusław Dunaj ; zespół aut. Bogusław Dunaj [et al.] ; współpr. Artur Czesak [et al.].
260 ## - STREFA ADRESU WYDAWNICZEGO
Miejsce wydania Warszawa :
Nazwa wydawcy/dystrybutora WILGA,
Data publikacji, dystrybucji/powstania dokumentu 2000.
300 ## - STREFA OPISU FIZYCZNEGO
Objętość XLVIII, [1], 398 s. ;
Rozmiary 25 cm.
504 ## - UWAGA DOTYCZĄCA BIBLIOGRAFII
Informacje o bibliografii Bibliogr.
650 #9 - HASŁO PRZEDMIOTOWE W FORMIE NAZWY OGÓLNEJ LUB JEDNOSTKOWEJ
Nazwa ogólna lub geograficzna Słownik polski
700 1# - HASŁO DODATKOWE - NAZWA OSOBOWA
Nazwa osobowa DUNAJ, Bogusław
Daty związane z nazwą (1940- ).
Określenie związku między hasłem a opisywanym materiałem Red.
700 1# - HASŁO DODATKOWE - NAZWA OSOBOWA
Nazwa osobowa CZESAK, Artur.
Określenie związku między hasłem a opisywanym materiałem Oprac.
942 ## - DODATKOWE ELEMENTY (KOHA)
Typ dokumentu Książka
Egzemplarze
Wycofany Status egzemplarza Uszkodzony Dostępność Lokalizacja stała Lokalizacja bieżąca Miejsce przechowywania Sygnatura Kod kreskowy Dział Typ dokumentu
      Tylko na miejscu Biblioteka Politechniki Koszalińskiej Biblioteka Politechniki Koszalińskiej Czytelnia BG 55660 01514322 0/9(03) Encyklopedie. Leksykony Książka
      Tylko na miejscu Czytelnia Wydziału Elektroniki i Informatyki, Wydziału Architektury i Wzornictwa, Wydziału Inżynierii Mechanicznej i Energetyki oraz Wydziału Inżynierii Lądowej, Środowiska i Geodezji Czytelnia Wydziału Elektroniki i Informatyki, Wydziału Architektury i Wzornictwa, Wydziału Inżynierii Mechanicznej i Energetyki oraz Wydziału Inżynierii Lądowej, Środowiska i Geodezji Czytelnia Wydziałowa ul. Śniadeckich 2 55662 01514308 811.162.1 J. polski Książka
© 2023 Biblioteka Politechniki Koszalińskiej :: KOHA